Books by Balzac /

Bibliographic Details
Main Author: George, Albert Joseph, 1913-
Corporate Author: Syracuse University
Other Authors: Royce, William Hobart, 1878-
Format: Book
Language:English
Published: [Syracuse, N. Y.] : Syracuse University Press, [1960]
Subjects:

MARC

Tag First Indicator Second Indicator Subfields
LEADER 00000cam a2200000 4500
001 in00000033853
005 20151007063330.0
008 750611s1960 nyu 00000 eng u
010 |a  60008805  
035 |a (OCoLC)01385200 
035 |9 AAD7140AM 
040 |c ORL  |d TXA  |d UtOrBLW 
049 |a TXAM  |c [324518] 
050 0 0 |a Z8069.2  |b .G4 
090 |a PQ2161  |b .G46 1960 
092 |a 843  |b B198Yg 
100 1 |a George, Albert Joseph,  |d 1913- 
245 1 0 |a Books by Balzac /  |c a checklist of books by Honore de Balzac, compiled from the papers of William Hobart Royce, presently in the Syracuse University collection. 
264 1 |a [Syracuse, N. Y.] :  |b Syracuse University Press,  |c [1960] 
300 |a vi, 90 pages ;  |c 23 cm. 
336 |a text  |b txt  |2 rdacontent 
337 |a unmediated  |b n  |2 rdamedia 
338 |a volume  |b nc  |2 rdacarrier 
500 |a "Prepared for inclusion in the new edition of [Royce's Balzac bibliography]...Preprinted as a separate issue for the convenience of Balzacians." 
600 1 0 |a Balzac, Honoré de,  |d 1799-1850  |x Bibliography. 
700 1 |a Royce, William Hobart,  |d 1878- 
710 2 |a Syracuse University. 
999 |a MARS 
999 f f |s a62a9a84-69a8-3113-9616-740380049950  |i a8bab066-b555-30c3-8e1d-32fff305dad4  |t 0 
952 f f |p ric  |a Texas A&M University  |b Rellis Campus  |c Joint Library Facility  |d Remote Storage  |t 0  |e PQ2161 .G46 1960  |h Library of Congress classification  |i unmediated -- volume  |m A14801367012 
998 f f |a PQ2161 .G46 1960  |t 0  |l Remote Storage